Estatísticas para Bacalhau

Clique aqui para jogar o quiz

Estatísticas Gerais

  • Esse quiz foi jogado 18 vezes
  • A pontuação média é 4 de 10

Estatísticas das Respostas

HintResposta% Correto
3.Bacalhau Cozido
78%
7.Bacalhau á Brás
61%
2.Bacalhau com Natas
61%
10.Arroz de Bacalhau
56%
4.Bacalhau Grelhado
50%
9.Bacalhau á Zé do Pipo
33%
1.Bacalhau com Broa
28%
5.Bacalhau Espiritual
22%
6.Bacalhau á Gomes Sá
17%
8.Bacalhau de Cebolada
6%

Distribuição das Pontuações

Percentil de Números Respondidos

Porcentagem de Pessoas com Cada Pontuação

Sua Pontuação Histórica

Você não jogou esse quiz